Lettere della tastiera qwerty - Statistics

General Stats
  • This quiz has been taken 50 times
  • The average score is 9 of 15
Answer Stats
Hint Answer % Correct
sesto numero 6
100%
fila in mezzo, 6 lettera da sinistra h
100%
lettera a destra della N m
100%
lettera tra la F e la S d
83%
lettera a destra della O p
83%
fila in mezzo, 2 lettera da sinistra s
67%
fila in basso, 4 lettera da sinistra v
67%
lettera a sinistra della v c
50%
fila in alto, 3 lettera da sinistra e
50%
fila in alto, 8 lettera i
50%
lettera tra la J e la L k
50%
lettera tra la B e la M n
50%
fila in basso, 1 lettera da sinistra z
50%
fila in basso, 3 lettera da destra b
17%
fila in alto, 7 lettera da sinistra u
0%
No matching quizzes found
Score Distribution
Percent of People with Each Score
Percentile by Number Answered
Your Score History
You have not taken this quiz